[Event "GRE-chT Online Rapid op 1st"]
[Site "Tornelo INT"]
[Date "2021.02.20"]
[Round "1.8"]
[White "Michalis, Christos Panagiotis"]
[Black "Ioannidis, Evgenios"]
[Result "0-1"]
[WhiteElo "1553"]
[BlackElo "2411"]
[PlyCount "62"]
[EventDate "2021.02.20"]
[EventType "team-swiss (rapid)"]
[EventRounds "9"]
[EventCountry "GRE"]
[SourceTitle "EXT 2023"]
[Source "ChessBase"]
[SourceDate "2022.10.05"]
[SourceVersion "1"]
[SourceVersionDate "2022.10.05"]
[SourceQuality "1"]

1. d4 Nf6 2. c4 e6 3. g3 d5 4. Nf3 dxc4 5. Qa4+ Nbd7 6. Qxc4 a6 7. Bg2 b5 8. Qc2 Bb7 9. 0-0 c5 10. a4 b4 11. dxc5 Bxc5 12. Bg5 Rc8 13. Qd3 0-0 14. Nbd2 h6 15. Bxf6 Nxf6 16. Qxd8 Rfxd8 17. Nb3 Bb6 18. a5 Ba7 19. Rac1 Ne4 20. Rfd1 Bxf2+ 21. Kf1 Rxc1 22. Rxc1 Be3 23. Rc7 Rd1+ 24. Ne1 Bd5 25. Rc8+ Kh7 26. Bxe4+ Bxe4 27. Rc4 Bd5 28. Rxb4 Rb1 29. Nd4 Bd2 30. Ndc2 Rxe1+ 31. Nxe1 Bxb4 0-1

[Event "GRE-chT Schools Lykeia 16th"]
[Site "Peristeri"]
[Date "2018.03.31"]
[Round "1.2"]
[White "Michalis, Christos Panagiotis"]
[Black "Panopoulos, Orestis"]
[Result "0-1"]
[WhiteElo "1521"]
[BlackElo "1624"]
[PlyCount "60"]
[EventDate "2018.03.31"]
[EventType "team-swiss (rapid)"]
[EventRounds "6"]
[EventCountry "GRE"]
[SourceTitle "EXT 2019"]
[Source "ChessBase"]
[SourceDate "2018.10.10"]
[SourceVersion "1"]
[SourceVersionDate "2018.10.10"]
[SourceQuality "1"]

1. d4 Nf6 2. c4 e6 3. Nc3 Bb4 4. f3 Bxc3+ 5. bxc3 d6 6. Bg5 h6 7. Bh4 b6 8. e3 Qe7 9. Bd3 Nbd7 10. Ne2 Bb7 11. 0-0 g5 12. Bf2 0-0-0 13. a4 a5 14. e4 e5 15. Nc1 Rhg8 16. Nb3 g4 17. Kh1 gxf3 18. gxf3 Nh5 19. c5 Nf4 20. c6 Bxc6 21. Ba6+ Bb7 22. Bxb7+ Kxb7 23. Rb1 Ra8 24. d5 Nf6 25. c4 Nd7 26. Qd2 Kc8 27. Rg1 Rg5 28. Rxg5 Qxg5 29. Rg1 Qh5 30. Bg3 Qxf3+ 0-1